000 00432nam a22001817a 4500
003 MPLRDC
005 20220104114233.0
008 210129b ||||| |||| 00| 0 eng d
020 _a962-257-665-6
082 _a848.4 JPA-12
100 _a贾平凹著
245 _a太白
_c
260 _a
_b天地图书有限公司
_c1994
300 _b
490 _a天地文丛;18
650 _a现代别集
942 _cBK
_o848.4 JPA-12
999 _c5916
_d5906